000 00975cam a22002174a 4500
005 20250605164028.0
008 250528s ||||||||||||||||||||||||d
035 _a16509
020 _a671633082
040 _aGR-AtMCL
_bgre
_dGR-AtMCL
_eAACR2
245 1 _aThe Sacred Cow and the Abominable Pig / Riddles of Food and Culture
250 _a1st
260 _c1985
300 _a290
520 _aA highly readable, scientifically accurate, and fascinating work that demystifies the causes of our myriad human cultural differences. Good to Think or Good to Eat?, Meat Hunger, The Riddle of the Sacred Cow, The Abominable Pig, Hippophagy, Holy Beef and U.S.A., Lactophiles and Lactophobes: Milk Lovers and Milk Hater, Small Things, Dogs and Cats and Dingoes and Other Pets, People Eating, Better to Eat, References, Bibliography, Index.
700 1 _aHarris Marvin
_92604
700 1 _aSimon And Schuster
_91408
942 _cBK
999 _c2003
_d2003